Statistiques concernant Égyptiens célèbres par images

Cliquez ici pour prendre le quiz!

Statistiques générales

  • Ce quiz a été pris 100 fois
  • Le résultat moyen est 6 sur 12

Statistiques - réponses

Réponse% Correct
Cléopatre
79%
Moise
79%
Toutankhamon
74%
Mohamed Salah
73%
Nefertiti
70%
Ramses II
67%
Gamal Abdel Nasser
55%
Omar Sharif
35%
Akhenaton
33%
Abdel Fattah al-Sissi
27%
Dodi Al-Fayed
5%
Shadia
3%

Distribution des résultats

Percentile par nombre de réponses

% des personnes avec chaque résultat

Votre développement - résultats

Vous n’avez pas pris ce quiz